Social movements in india : (Record no. 10273)

MARC details
000 -LEADER
fixed length control field 00601cam a2200205ua 4500
001 - CONTROL NUMBER
control field 11447
005 - DATE AND TIME OF LATEST TRANSACTION
control field 20260515114744.0
008 - FIXED-LENGTH DATA ELEMENTS--GENERAL INFORMATION
fixed length control field 190920n ii |||gr||||Z||||||eng
020 ## - INTERNATIONAL STANDARD BOOK NUMBER
International Standard Book Number 9788173043353
040 ## - CATALOGING SOURCE
Transcribing agency MAIN
041 ## - LANGUAGE CODE
Language code of text/sound track or separate title eng
082 ## - DEWEY DECIMAL CLASSIFICATION NUMBER
Classification number 303.484
100 ## - MAIN ENTRY--PERSONAL NAME
Personal name M S A Rao,
Relator term Editor.
245 ## - TITLE STATEMENT
Title Social movements in india :
Remainder of title Studies in peasant backward classes sectarian tribal and womens movements /
Statement of responsibility, etc. Ed by M S A Rao .
250 ## - EDITION STATEMENT
Edition statement 1st ed rep.
260 ## - PUBLICATION, DISTRIBUTION, ETC.
Place of publication, distribution, etc. New Delhi:
Name of publisher, distributor, etc. Manohar publishers and distributors,
Date of publication, distribution, etc. 2016.
300 ## - PHYSICAL DESCRIPTION
Extent 435p.
653 ## - INDEX TERM--UNCONTROLLED
Uncontrolled term Social processes
942 ## - ADDED ENTRY ELEMENTS (KOHA)
Koha item type Books
Holdings
Withdrawn status Lost status Damaged status Not for loan Home library Current library Shelving location Date acquired Total checkouts Full call number Barcode Date last seen Copy number Price effective from Koha item type
        Naharkatiya College Library Naharkatiya College Library General stacks 09/19/2020   303.484Social movements in india | SOC 25174 09/19/2020 1 09/19/2020 Books